000 00673nam a2200181 a 4500
008 160322s1993 ||||||||||||||||| || u
050 _aIBRD(021993/16
100 _aSkillicorn, Paul
245 1 0 _aDuckweed aquaculture: A new aquatic farming system for Developing Countries
260 _aWashington, D.C.
_bWorld Bank
_c1993
300 _ax, 76p.: ill.
650 _aDUCKWEEDS
650 _aDUCKWEEDS--DEVELOPING COUNTRIES
650 _aDUCKWEEDS--UTILIZATION
700 _aSpiral, William
700 _aJourney, William
995 _FCBU-MAIN LIBRARY (Kitwe)
_M1
_UAVAILABLE
_WMar 22, 2016
_ZInternational Publications
999 _c40524
_d40524